[Event "GBR-ch 95th"]
[Site "Liverpool"]
[Date "2008.08.01"]
[Round "5"]
[White "Williams, Simon Kim"]
[Black "Hanley, James L"]
[Result "1/2-1/2"]
[WhiteElo "2496"]
[BlackElo "2243"]
[PlyCount "85"]
[EventDate "2008.07.28"]
[EventType "swiss"]
[EventRounds "11"]
[EventCountry "ENG"]
[SourceTitle "CBM 125 Extra"]
[Source "ChessBase"]
[SourceDate "2008.09.01"]
[SourceVersion "1"]
[SourceVersionDate "2008.09.01"]
[SourceQuality "1"]

1. d4 Nf6 2. c4 e6 3. Nf3 c5 4. d5 b5 5. Bg5 exd5 6. cxd5 d6 7. e3 a6 8. a4 b4 9. Nbd2 Be7 10. Nc4 Bb7 11. h4 h6 12. Bxf6 Bxf6 13. Qc2 a5 14. 0-0-0 Qc7 15. Qe4+ Be7 16. Qg4 0-0 17. Qe4 f5 18. Qe6+ Kh8 19. Qg6 Rf6 20. Qg3 Nd7 21. Ng5 Nf8 22. e4 Kg8 23. f4 fxe4 24. Nxe4 Rf7 25. Bd3 Ba6 26. Qh2 Bxc4 27. Bxc4 Qd7 28. Ng5 Bxg5 29. hxg5 Qxa4 30. Qg3 b3 31. Qxb3 Qxb3 32. Bxb3 Rxf4 33. gxh6 a4 34. Bc2 a3 35. bxa3 Rxa3 36. h7+ Kh8 37. Rdf1 Ra1+ 38. Bb1 Rxf1+ 39. Rxf1 Nxh7 40. Rh1 g6 41. Rh6 Ra6 42. g4 Kg7 43. Rxg6+ 1/2-1/2

[Event "GBR-ch 95th"]
[Site "Liverpool"]
[Date "2008.07.31"]
[Round "4"]
[White "Hanley, James L"]
[Black "Lalic, Bogdan"]
[Result "1/2-1/2"]
[WhiteElo "2243"]
[BlackElo "2533"]
[PlyCount "41"]
[EventDate "2008.07.28"]
[EventType "swiss"]
[EventRounds "11"]
[EventCountry "ENG"]
[SourceTitle "CBM 125 Extra"]
[Source "ChessBase"]
[SourceDate "2008.09.01"]
[SourceVersion "1"]
[SourceVersionDate "2008.09.01"]
[SourceQuality "1"]

1. e4 c5 2. Nf3 Nc6 3. Nc3 Nf6 4. e5 Ng4 5. Qe2 d6 6. exd6 Qxd6 7. d4 cxd4 8. Nb5 Qb8 9. Nbxd4 Nxd4 10. Nxd4 e5 11. Nf3 Bd6 12. h3 Nf6 13. Bg5 Nd7 14. 0-0-0 0-0 15. Qd2 Bc7 16. Bb5 e4 17. Bxd7 Bxd7 18. Qxd7 exf3 19. g3 Bb6 20. Qd3 Qe5 21. Bf4 1/2-1/2

[Event "Blackpool op 32nd"]
[Site "Blackpool"]
[Date "2008.03.09"]
[Round "5"]
[White "Wolstencroft, Darryl"]
[Black "Hanley, James L"]
[Result "1-0"]
[WhiteElo "2173"]
[BlackElo "2256"]
[PlyCount "65"]
[EventDate "2008.03.07"]
[EventType "swiss"]
[EventRounds "5"]
[EventCountry "ENG"]
[SourceTitle "CBM 123 Extra"]
[Source "ChessBase"]
[SourceDate "2008.05.06"]
[SourceVersion "1"]
[SourceVersionDate "2008.05.06"]
[SourceQuality "1"]

1. c4 Nf6 2. g3 g6 3. Bg2 Bg7 4. e4 d6 5. Ne2 0-0 6. 0-0 e5 7. d3 Be6 8. f4 Bg4 9. h3 Bxe2 10. Qxe2 Nc6 11. f5 Nd7 12. Be3 f6 13. h4 g5 14. Nc3 Kh8 15. Qh5 gxh4 16. Qxh4 Nb4 17. Rf2 Nxd3 18. Rd2 N3c5 19. Bf3 Rf7 20. Bh5 Qg8 21. Bxf7 Qxf7 22. b3 a5 23. Rh2 Bf8 24. Nd5 Rc8 25. Bxc5 dxc5 26. Kg2 c6 27. Ne3 Be7 28. Rd1 Nf8 29. Kf3 Ra8 30. Ng4 a4 31. Nh6 Qe8 32. Qg4 Nd7 33. Rxd7 1-0

[Event "Blackpool op 32nd"]
[Site "Blackpool"]
[Date "2008.03.08"]
[Round "2"]
[White "Hanley, James L"]
[Black "Hardy, Roger"]
[Result "1-0"]
[WhiteElo "2256"]
[BlackElo "2024"]
[PlyCount "79"]
[EventDate "2008.03.07"]
[EventType "swiss"]
[EventRounds "5"]
[EventCountry "ENG"]
[SourceTitle "CBM 123 Extra"]
[Source "ChessBase"]
[SourceDate "2008.05.06"]
[SourceVersion "1"]
[SourceVersionDate "2008.05.06"]
[SourceQuality "1"]

1. e4 c6 2. d4 d5 3. Nc3 dxe4 4. Nxe4 Nd7 5. Bd3 Ngf6 6. Ng5 Nb6 7. N1f3 Qd5 8. Qe2 Bg4 9. c3 h6 10. Ne4 Nxe4 11. Bxe4 Qc4 12. Bd3 Qe6 13. Qxe6 Bxe6 14. Ne5 0-0-0 15. 0-0 Nd7 16. Bc4 Bxc4 17. Nxc4 e6 18. Bf4 Nb6 19. Nxb6+ axb6 20. a4 Bd6 21. Be3 Bc7 22. b4 Rd5 23. c4 Rf5 24. b5 Kd7 25. Rfb1 Ra8 26. g3 h5 27. f4 Bd6 28. bxc6+ bxc6 29. Rxb6 c5 30. Rb5 cxd4 31. Bxd4 g6 32. Rd1 Kc6 33. c5 Rxc5 34. Bxc5 Bxc5+ 35. Kg2 Rxa4 36. Rb2 h4 37. Rc2 hxg3 38. hxg3 Ra5 39. Rd8 Kc7 40. Rf8 1-0

[Event "Blackpool op 32nd"]
[Site "Blackpool"]
[Date "2008.03.07"]
[Round "1"]
[White "Van Kemenade, Rudy"]
[Black "Hanley, James L"]
[Result "0-1"]
[WhiteElo "2029"]
[BlackElo "2256"]
[PlyCount "68"]
[EventDate "2008.03.07"]
[EventType "swiss"]
[EventRounds "5"]
[EventCountry "ENG"]
[SourceTitle "CBM 123 Extra"]
[Source "ChessBase"]
[SourceDate "2008.05.06"]
[SourceVersion "1"]
[SourceVersionDate "2008.05.06"]
[SourceQuality "1"]

1. f4 d5 2. Nf3 g6 3. g3 Bg7 4. Bg2 c6 5. 0-0 Qb6+ 6. d4 Nh6 7. e3 Nd7 8. Qe2 Nf5 9. c4 Nf6 10. Nc3 Qd8 11. Ne5 e6 12. c5 h5 13. Bf3 Nd7 14. b4 Nxe5 15. dxe5 b6 16. cxb6 axb6 17. Rd1 Ba6 18. Qc2 0-0 19. e4 Ne7 20. exd5 cxd5 21. b5 Bb7 22. Be3 Nf5 23. Bf2 f6 24. exf6 Qxf6 25. Ne2 Rfc8 26. Qd2 Qf8 27. Rac1 Qa3 28. Qd3 Qxa2 29. Bxb6 Ra3 30. Rxc8+ Bxc8 31. Bxd5 Rxd3 32. Bxa2 Rxd1+ 33. Kf2 Bd7 34. Bc4 Nd6 0-1

[Event "GBR-ch 94th"]
[Site "Great Yarmouth"]
[Date "2007.08.08"]
[Round "9"]
[White "Hanley, James L"]
[Black "Knott, Simon JB"]
[Result "0-1"]
[WhiteElo "2213"]
[BlackElo "2374"]
[PlyCount "98"]
[EventDate "2007.07.30"]
[EventType "swiss"]
[EventRounds "11"]
[EventCountry "ENG"]
[SourceTitle "CBM 119 Extra"]
[Source "ChessBase"]
[SourceDate "2007.09.04"]
[SourceVersion "1"]
[SourceVersionDate "2007.09.04"]
[SourceQuality "1"]

1. e4 e6 2. d4 d5 3. Nd2 c5 4. Ngf3 cxd4 5. exd5 Qxd5 6. Bc4 Qd6 7. 0-0 Nf6 8. Nb3 Nc6 9. Nbxd4 Nxd4 10. Nxd4 a6 11. Re1 Qc7 12. Qe2 Bd6 13. Bg5 0-0 14. Rad1 Ne4 15. Qxe4 Qxc4 16. Re3 e5 17. b3 f5 18. Qh4 Qc7 19. Rh3 h6 20. Bxh6 f4 21. Rhd3 exd4 22. Rxd4 Be5 23. Rc4 Qf7 24. Rc5 Bf6 25. Bg5 Qe7 26. Rcd5 Be6 27. Bxf6 Qxf6 28. Qxf6 Rxf6 29. Rd6 Raf8 30. Rb6 Bg4 31. Rxf6 Rxf6 32. Rd8+ Rf8 33. Rd4 g5 34. f3 Be6 35. Kf2 Kg7 36. c3 Rh8 37. Rd6 Kf7 38. h3 Ke7 39. Rb6 Bd5 40. Rg6 Rg8 41. Rb6 Bc6 42. Rb4 Rd8 43. h4 Rd2+ 44. Kg1 g4 45. Rxf4 g3 46. Kf1 Rf2+ 47. Kg1 Rxa2 48. Kf1 Rf2+ 49. Kg1 Rc2 0-1

[Event "GBR-ch 94th"]
[Site "Great Yarmouth"]
[Date "2007.08.06"]
[Round "7"]
[White "Hanley, James L"]
[Black "Sowray, Peter John"]
[Result "0-1"]
[WhiteElo "2213"]
[BlackElo "2352"]
[PlyCount "94"]
[EventDate "2007.07.30"]
[EventType "swiss"]
[EventRounds "11"]
[EventCountry "ENG"]
[SourceTitle "CBM 119 Extra"]
[Source "ChessBase"]
[SourceDate "2007.09.04"]
[SourceVersion "1"]
[SourceVersionDate "2007.09.04"]
[SourceQuality "1"]

1. e4 e5 2. Nf3 Nc6 3. Bb5 a6 4. Ba4 Nf6 5. 0-0 Be7 6. Re1 b5 7. Bb3 d6 8. c3 0-0 9. h3 Na5 10. Bc2 c5 11. d4 Qc7 12. Nbd2 Bd7 13. d5 c4 14. Nf1 Nb7 15. Ng3 Nc5 16. Bg5 a5 17. Qd2 Rfb8 18. Nh4 b4 19. Nhf5 Bxf5 20. Nxf5 Bd8 21. Re3 Nh5 22. Bxd8 Qxd8 23. Qe2 g6 24. Ng3 Nxg3 25. Rxg3 bxc3 26. Rxc3 Rxb2 27. Rxc4 Qb6 28. Qe3 Rb8 29. a3 Kg7 30. Qc3 Qa7 31. Kh2 R8b5 32. f4 f6 33. fxe5 fxe5 34. Ba4 Rb8 35. Rf1 R2b7 36. Bd1 Rf7 37. Rf3 Rb1 38. Qc2 Rxf3 39. Bxf3 Qb6 40. Qd2 h6 41. Qc3 Rb3 42. Qc1 Rb1 43. Qc3 Rf1 44. Qd2 Nb3 45. Qc3 Qg1+ 46. Kg3 Qf2+ 47. Kh2 h5 0-1

[Event "GBR-ch 94th"]
[Site "Great Yarmouth"]
[Date "2007.08.04"]
[Round "6"]
[White "Ciuksyte, Dagne"]
[Black "Hanley, James L"]
[Result "1-0"]
[WhiteElo "2426"]
[BlackElo "2213"]
[PlyCount "69"]
[EventDate "2007.07.30"]
[EventType "swiss"]
[EventRounds "11"]
[EventCountry "ENG"]
[SourceTitle "CBM 119 Extra"]
[Source "ChessBase"]
[SourceDate "2007.09.04"]
[SourceVersion "1"]
[SourceVersionDate "2007.09.04"]
[SourceQuality "1"]

1. e4 c5 2. Nf3 d6 3. d4 cxd4 4. Nxd4 Nf6 5. Nc3 g6 6. Be3 Bg7 7. f3 a6 8. Qd2 Nbd7 9. 0-0-0 b5 10. Bh6 Bxh6 11. Qxh6 Bb7 12. h4 b4 13. Nd5 e5 14. Nxf6+ Qxf6 15. Nb3 Ke7 16. Na5 Nc5 17. Qg5 Rhd8 18. Bc4 h5 19. Bd5 Qxg5+ 20. hxg5 Bxd5 21. exd5 Kd7 22. Rh4 Re8 23. Rxb4 e4 24. f4 e3 25. Re1 e2 26. Nc4 a5 27. Rb6 Re4 28. Nxd6 Rxf4 29. Rxe2 Ra6 30. Rxa6 Nxa6 31. Ne4 Nb4 32. c4 Nxa2+ 33. Kd2 Nb4 34. Ke3 Rf5 35. Kd4 1-0

[Event "GBR-ch 94th"]
[Site "Great Yarmouth"]
[Date "2007.08.01"]
[Round "3"]
[White "Hanley, James L"]
[Black "Bellin, Robert"]
[Result "0-1"]
[WhiteElo "2213"]
[BlackElo "2403"]
[PlyCount "100"]
[EventDate "2007.07.30"]
[EventType "swiss"]
[EventRounds "11"]
[EventCountry "ENG"]
[SourceTitle "CBM 119 Extra"]
[Source "ChessBase"]
[SourceDate "2007.09.04"]
[SourceVersion "1"]
[SourceVersionDate "2007.09.04"]
[SourceQuality "1"]

1. e4 c5 2. Nf3 d6 3. d4 cxd4 4. Nxd4 Nf6 5. Nc3 Nc6 6. Bg5 e6 7. Qd2 a6 8. 0-0-0 Bd7 9. f4 Be7 10. Nf3 b5 11. Bxf6 gxf6 12. Kb1 Qb6 13. f5 0-0-0 14. g3 Kb8 15. fxe6 fxe6 16. Bh3 Bc8 17. Qe1 Rhe8 18. Ne2 Bf8 19. Nf4 Qc5 20. Rf1 b4 21. Rf2 Bg7 22. Rfd2 a5 23. Rd3 Ne5 24. Nxe5 Qxe5 25. Rb3 Bb7 26. a3 Bxe4 27. Qe3 Rd7 28. Qb6+ Rb7 29. Qxd6+ Qxd6 30. Rxd6 f5 31. Ra6 bxa3 32. Rxb7+ Kxb7 33. Rxa5 Bxb2 34. Bf1 e5 35. Nd3 Bxd3 36. Bxd3 e4 37. Be2 Ra8 38. Rb5+ Kc6 39. Ka2 Rf8 40. Rb4 Kc5 41. Ra4 Rd8 42. Rc4+ Kd5 43. Ra4 Ke5 44. Bc4 Rd2 45. Ra5+ Kd4 46. Kb3 Rf2 47. c3+ Ke3 48. Be6 f4 49. gxf4 Rxf4 50. Rh5 Kf2 0-1

[Event "GBR-ch 94th"]
[Site "Great Yarmouth"]
[Date "2007.07.31"]
[Round "2"]
[White "Griffiths, Ryan Rhys"]
[Black "Hanley, James L"]
[Result "1/2-1/2"]
[WhiteElo "2046"]
[BlackElo "2213"]
[PlyCount "73"]
[EventDate "2007.07.30"]
[EventType "swiss"]
[EventRounds "11"]
[EventCountry "ENG"]
[SourceTitle "CBM 119 Extra"]
[Source "ChessBase"]
[SourceDate "2007.09.04"]
[SourceVersion "1"]
[SourceVersionDate "2007.09.04"]
[SourceQuality "1"]

1. e4 c5 2. Nf3 e6 3. d4 cxd4 4. Nxd4 Nc6 5. Nc3 Qc7 6. Be3 a6 7. Bd3 Nf6 8. 0-0 Ne5 9. Nf3 Nfg4 10. Nxe5 Nxe3 11. Qh5 g6 12. Qf3 Qxe5 13. fxe3 f6 14. Qxf6 Qxf6 15. Rxf6 Bg7 16. Rf3 b5 17. Raf1 Rf8 18. Rh3 Rxf1+ 19. Kxf1 h6 20. e5 g5 21. Ne4 Ke7 22. Nd6 Bxe5 23. Be4 Rb8 24. Nxc8+ Rxc8 25. c3 d5 26. Bd3 Rf8+ 27. Ke2 Rf6 28. g4 Kd6 29. Rh5 Kc5 30. h4 Bg3 31. hxg5 hxg5 32. Kd2 Bh4 33. Be2 Kd6 34. Rh8 e5 35. Ra8 Kc5 36. a4 bxa4 37. Rxa6 1/2-1/2

[Event "GBR-ch 94th"]
[Site "Great Yarmouth"]
[Date "2007.07.30"]
[Round "1"]
[White "Hanley, James L"]
[Black "Bonafont, Philip"]
[Result "1/2-1/2"]
[WhiteElo "2213"]
[BlackElo "2098"]
[PlyCount "68"]
[EventDate "2007.07.30"]
[EventType "swiss"]
[EventRounds "11"]
[EventCountry "ENG"]
[SourceTitle "CBM 119 Extra"]
[Source "ChessBase"]
[SourceDate "2007.09.04"]
[SourceVersion "1"]
[SourceVersionDate "2007.09.04"]
[SourceQuality "1"]

1. e4 c5 2. Nf3 d6 3. Nc3 Nf6 4. d4 cxd4 5. Nxd4 a6 6. a4 Nc6 7. Be2 e5 8. Nb3 Be7 9. 0-0 0-0 10. Be3 Be6 11. Bf3 Nb4 12. a5 Rc8 13. Bb6 Qd7 14. Re1 Qc6 15. Nc1 Nd7 16. Be3 b5 17. Re2 Qc7 18. Rd2 Nc6 19. Nb3 Nb4 20. Rc1 Bxb3 21. cxb3 Qxa5 22. Ra1 Qc7 23. Nd5 Nxd5 24. Rxd5 Nf6 25. Rd3 Qb7 26. Bg5 Rfd8 27. Bxf6 Bxf6 28. Rxd6 Rxd6 29. Qxd6 Qc6 30. Qd5 g6 31. g3 Kg7 32. Kg2 h6 33. Bg4 Rc7 34. Rd1 Qc2 1/2-1/2

[Event "Middlesex-Young England"]
[Site "London"]
[Date "2007.07.16"]
[Round "6"]
[White "Hanley, James L"]
[Black "Cox, John J"]
[Result "0-1"]
[WhiteElo "2213"]
[BlackElo "2381"]
[PlyCount "66"]
[EventDate "2007.07.09"]
[EventType "schev"]
[EventRounds "9"]
[EventCountry "ENG"]
[SourceTitle "CBM 119 Extra"]
[Source "ChessBase"]
[SourceDate "2007.09.04"]
[SourceVersion "1"]
[SourceVersionDate "2007.09.04"]
[SourceQuality "1"]

1. e4 e5 2. Nf3 Nc6 3. Bb5 a6 4. Bxc6 dxc6 5. 0-0 Ne7 6. d3 Ng6 7. Qe2 c5 8. c3 Bd6 9. Na3 0-0 10. Nc4 f6 11. Rd1 b5 12. Nxd6 cxd6 13. a4 Bb7 14. d4 exd4 15. cxd4 Qe8 16. Re1 f5 17. axb5 fxe4 18. Ng5 d5 19. bxa6 h6 20. Nh3 cxd4 21. Bxh6 Bc8 22. Qh5 Qf7 23. Kh1 gxh6 24. Qxh6 Bxh3 25. Qxh3 Qxf2 26. Qe6+ Qf7 27. Qb6 d3 28. h3 Nf4 29. Qe3 Qg6 30. Rg1 Rxa6 31. Rac1 Raf6 32. Qd4 Rf5 33. Rc7 Ne6 0-1

[Event "Middlesex-Young England"]
[Site "London"]
[Date "2007.07.13"]
[Round "5"]
[White "Rayner, Francis"]
[Black "Hanley, James L"]
[Result "1/2-1/2"]
[WhiteElo "2237"]
[BlackElo "2213"]
[PlyCount "217"]
[EventDate "2007.07.09"]
[EventType "schev"]
[EventRounds "9"]
[EventCountry "ENG"]
[SourceTitle "CBM 119 Extra"]
[Source "ChessBase"]
[SourceDate "2007.09.04"]
[SourceVersion "1"]
[SourceVersionDate "2007.09.04"]
[SourceQuality "1"]

1. e4 c5 2. Nf3 e6 3. d4 cxd4 4. Nxd4 Nc6 5. Nc3 Qc7 6. g3 a6 7. Bg2 d6 8. 0-0 Bd7 9. Re1 Nf6 10. Nxc6 Bxc6 11. Nd5 Qd8 12. Be3 Nd7 13. Bd4 e5 14. Be3 Bxd5 15. Qxd5 Qc7 16. b3 Be7 17. a4 0-0 18. a5 Nf6 19. Qd3 Qd7 20. Red1 g6 21. c4 Qe6 22. Qf1 Ng4 23. Bd2 Qc8 24. Bh3 f5 25. Qe2 Kh8 26. Bb4 Qe6 27. Rd2 Rad8 28. Rad1 h5 29. exf5 gxf5 30. f3 Nh6 31. Bc3 Kh7 32. f4 h4 33. fxe5 hxg3 34. hxg3 Rg8 35. Kh2 Qg6 36. Rd3 f4 37. gxf4 dxe5 38. Bxe5 Bh4 39. Rd7+ Nf7 40. Qd3 Bg3+ 41. Kh1 Rxd7 42. Qxg6+ Kxg6 43. Rxd7 Nxe5 44. fxe5 Bxe5 45. Rxb7 Bd4 46. Rd7 Bc5 47. Rc7 Bb4 48. Rc6+ Kg5 49. Be6 Rd8 50. Bd5 Bxa5 51. Rxa6 Bc3 52. Kg2 Kf4 53. Re6 Kf5 54. Kf3 Rb8 55. Re3 Bd4 56. Rd3 Ke5 57. Ke2 Rh8 58. b4 Rh2+ 59. Kd1 Rb2 60. b5 Rb1+ 61. Kc2 Rb2+ 62. Kc1 Rf2 63. Rb3 Rf1+ 64. Kc2 Rf2+ 65. Kd3 Rh2 66. Rb1 Rh3+ 67. Kc2 Kd6 68. b6 Rh2+ 69. Kd3 Rb2 70. Kxd4 Rxb1 71. c5+ Ke7 72. Bb7 Rd1+ 73. Kc4 Kd8 74. Kb5 Rd7 75. Kc6 Rg7 76. Ba6 Rh7 77. Kb5 Rg7 78. c6 Rg8 79. Kc4 Rg4+ 80. Kd5 Rg5+ 81. Ke4 Rc5 82. Bb7 Rc1 83. Kd5 Rd1+ 84. Kc5 Rc1+ 85. Kd4 Rd1+ 86. Kc3 Rc1+ 87. Kd3 Rc5 88. Kd4 Rc1 89. Ke5 Re1+ 90. Kd4 Rd1+ 91. Kc3 Rc1+ 92. Kb2 Rc5 93. Ka3 Rc1 94. Kb4 Rb1+ 95. Kc5 Rc1+ 96. Kd4 Rd1+ 97. Ke3 Rc1 98. Kd4 Rd1+ 99. Kc4 Rc1+ 100. Kd5 Rd1+ 101. Ke4 Re1+ 102. Kd3 Rc1 103. Ba8 Kc8 104. Bb7+ Kd8 105. Kd4 Rd1+ 106. Ke3 Rc1 107. Kd4 Rd1+ 108. Ke5 Re1+ 109. Kd6 1/2-1/2